The eleventh hour / (Record no. 3387)

MARC details
000 -LEADER
fixed length control field 00774nam a2200277 i 4500
001 - CONTROL NUMBER
control field 5217805
003 - CONTROL NUMBER IDENTIFIER
control field OSt
005 - DATE AND TIME OF LATEST TRANSACTION
control field 20181112094422.0
008 - FIXED-LENGTH DATA ELEMENTS--GENERAL INFORMATION
fixed length control field 890418s1979 ilu 000 0 eng
010 ## - LIBRARY OF CONGRESS CONTROL NUMBER
LC control number 79083563
020 ## - INTERNATIONAL STANDARD BOOK NUMBER
International Standard Book Number 0898030056 :
020 ## - INTERNATIONAL STANDARD BOOK NUMBER
International Standard Book Number 0898030250
Terms of availability (pbk.)
035 ## - SYSTEM CONTROL NUMBER
System control number 0001-10360
040 ## - CATALOGING SOURCE
Original cataloging agency DLC
Transcribing agency DLC
043 ## - GEOGRAPHIC AREA CODE
Geographic area code n-us---
050 0# - LIBRARY OF CONGRESS CALL NUMBER
Classification number UA23
Item number .W32
082 ## - DEWEY DECIMAL CLASSIFICATION NUMBER
Classification number 355
Item number W231E
100 1# - MAIN ENTRY--PERSONAL NAME
Personal name Walt, Lewis W.,
Dates associated with a name 1913-
245 14 - TITLE STATEMENT
Title The eleventh hour /
Statement of responsibility, etc. Lewis W. Walt ; foreword by Eugene V. Rostow
260 ## - PUBLICATION, DISTRIBUTION, ETC.
Place of publication, distribution, etc. Ottawa, Ill. :
Name of publisher, distributor, etc. Caroline House Publishers,
Date of publication, distribution, etc. c1979
300 ## - PHYSICAL DESCRIPTION
Extent xix, 100 p. ;
Dimensions 24 cm
650 #0 - SUBJECT ADDED ENTRY--TOPICAL TERM
Topical term or geographic name entry element National security
Geographic subdivision United States
651 #0 - SUBJECT ADDED ENTRY--GEOGRAPHIC NAME
Geographic name United States
General subdivision Defenses
651 #0 - SUBJECT ADDED ENTRY--GEOGRAPHIC NAME
Geographic name United States
General subdivision Military policy
942 ## - ADDED ENTRY ELEMENTS (KOHA)
Source of classification or shelving scheme Dewey Decimal Classification
Koha item type Books
Holdings
Withdrawn status Lost status Source of classification or shelving scheme Damaged status Not for loan Collection code Home library Current library Shelving location Date acquired Cost, normal purchase price Total Checkouts Full call number Barcode Date last seen Price effective from Koha item type
    Dewey Decimal Classification     Non-fiction Harvest Mission College Harvest Mission College General Stacks 12.11.2018 240.00   355 W231E 003889 12.11.2018 12.11.2018 Books

OPAC Designed and Maintained by HMC Library Team.
Copyright © HMC Library,Greater Noida, UP.
For any Suggestions/Query Contact library via Email:libhmc@gmail.com